Bilance společenské spotřeby ČSSR za rok 1988

Salvato in:
Dettagli Bibliografici
Natura: Libro
Lingua:ceco
Pubblicazione: Praha Federální statistický úřad 1989
Tags: Aggiungi Tag
Nessun Tag, puoi essere il primo ad aggiungerne!!

MARC

LEADER 00000nam a2200000 4500
001 c024810
005 20251103112444.3
041 0 |a cze 
044 |a CZ 
245 1 0 |a Bilance společenské spotřeby ČSSR za rok 1988 
264 1 |a Praha  |b Federální statistický úřad  |c 1989 
300 |a 32 s.